01012cam a22002771 4500001001300000003000400013005001700017007001500034008004100049010001700090035001900107040005400126042001200180050001500192100004000207245006800247260004300315300003600358490005000394500003400444500007800478530006900556650001800625700004000643856005100683f 16000079 DLC20260227111248.0cr_|||||||||||790712s1915 dcuf 000 0 eng c af 16000079  a(OCoLC)5163942 aLibrary, U.S. Bur. of Fisheries.cOCldOCoLCdDLC apremarc00aSH159b.J61 aJohnson, Robert Sidney,d1864-1916.00aFish ponds on farms.cBy Robert S. Johnson and M. F. Stapleton. aWashington,bGovt. print. off.,c1915. a1 p. l., 28 p.bXIX pl.c24 cm.0 a[United States] Bureau of fisheries. Doc. 826 aPlates printed on both sides. aAppendix II to the Report of the U.S. commissioner of fisheries for 1915. aAlso available in digital form on the Internet Archive Web site. 0aFish-culture.1 aStapleton, Mortimer Freeman,d1875-41uhttp://hdl.loc.gov/loc.gdc/scd0001.0002852772A